000 00304nam a2200157Ia 4500
100 _aHusain Kamran
250 _a2
942 _cBK
654 _alinux
245 _aLinux Unleashed
260 _bTechmedia
_c1998
082 _a005.133(W)HUS
300 _a1176
546 _aENGLISH
999 _c21477
_d21477